MARC

LEADER 00000nas a2200000 a 4500
001 ssj0003815
003 WaSeSS
005 20200512172242.0
006 m d
007 cr n
008 980429c19219999sz qr pss 0 a0eng c
010 |a  2009233323 
015 |a GBB351261  |2 bnb 
016 7 |a 014606342  |2 Uk 
022 |a 1564-913X  |l 0020-7780  |y 0020-7780 
030 |a ILREDT 
035 |a (WaSeSS)ssj0003815 
040 |a FGA  |b eng  |c FGA  |d OCL  |d OCLCQ  |d UVL  |d AUD  |d AU@  |d CIT  |d CO3  |d GUA  |d OCLCQ  |d UKMGB  |d OCLCQ  |d OCLCO  |d OCLCQ  |d OCLCA  |d OCLCF  |d OCLCO  |d NKT  |d OCLCQ  |d DEFHM  |d OCLCO  |d OCLCA  |d WT2  |d NLE  |d OCLCQ  |d TOF  |d OCLCQ  |d VT2  |d NJT  |d RDF  |d WaSeSS 
042 |a pcc 
050 1 4 |a HD4811 
082 0 4 |a 331.05 
210 1 |a Int. labour rev.  |b (Online) 
222 0 |a International labour review  |b (Online) 
245 0 0 |a International labour review  |h [electronic resource]. 
260 |a Geneva :  |b International Labour Office 
310 |a Four issues a year 
362 1 |a Began with vol. 1, no. 1 (Jan. 1921). 
506 |a License restrictions may limit access. 
515 |a Some issues combined. 
588 |a Description based on: Vol. 1, no. 1 (Jan. 1921); title from pdf image of title page (Hein Online, viewed Nov. 24, 2009). 
588 |a Latest issue consulted: Vol. 147, no. 4 (2008), viewed Nov. 24, 2009. 
650 0 |a Labor movement  |v Periodicals. 
650 0 |a Labor laws and legislation  |v Periodicals. 
650 7 |a Labor laws and legislation.  |2 fast  |0 (OCoLC)fst00989967 
650 7 |a Labor movement.  |2 fast  |0 (OCoLC)fst00990079 
650 7 |a Arbeitsmarktpolitik  |2 gnd 
650 7 |a Arbeitsmarkttheorie  |2 gnd 
650 7 |a HW_HRM.  |2 less 
655 0 |a Electronic journals. 
710 2 |a International Labour Office. 
776 0 8 |i Print version:  |t International labour review  |x 0020-7780  |w (DLC) 21018897  |w (OCoLC)1642893 
856 4 0 |z Full text available from Research Library: 11/01/1987 to 12/31/2015  |u https://search.proquest.com/publication/627